000 00957nam a2200253Ia 4500
003 OSt
005 20220923220048.0
006 a|||||r|||| 00| 0
007 ta
008 220922b |||||||| |||| 00| 0 hin d
024 _a183,927
037 _cTextual
040 _aARTS
_cARTS
_bhin
041 _2hin
_ahin
082 _aO152,1NCA,11, N3
100 _aचन्द्रकार
245 0 _aमालूशाही
_b कुमाउँनी लोककथा पर आधारित आन्चलिक प्रबन्ध काव्य
246 _aMālūshāhī: kumāuँnī lokakathā par ādhārit ānchalik prabandha kāvya
260 _aअल्मोडा
_b श्याम प्रकाशन
_c1993
300 _a241 पृ.
_ccm.
650 _aहिन्दी साहित्य
_9156264
942 _hO152,1NCA,11, N3
_cTEXL
_2CC
999 _c337226
_d337226